000 005010000a22001810004500
003 MACL
005 20160306133114.0
008 160306b xxu||||| |||| 00| 0 eng d
040 _aMACL
_cMACL
041 _aHindi
082 _a891.433
100 _aरावी श्री
_943523
245 _aपहला कहानीकार
260 _bभारतीय ज्ञानपीठ
_c1954
_aकाशी
350 _a2.50
650 _aStories
_943524
942 _cHIN
_k891.433
_2ddc
999 _c23815
_d23815